000 00706cpcaa22002297a 4500
001 mm 80002129
003 DLC
005 20260227111659.0
008 800121|||||||||||| eng
010 _amm 80002129
040 _aDLC
_cDLC
_edacs
_dDLC
072 7 _aL
_2lcmd
100 1 _aWernig, C. W.
245 0 0 _aC. W. Wernig note,
_fundated.
300 _a1
_fitem.
506 0 _aOpen to research.
545 0 _aMusician.
546 _aCollection material in English.
580 _aForms part of: Miscellaneous Manuscripts collection.
656 7 _aMusicians.
_2itoamc
999 _c42491
_d42491